[Event "Olimpiade 2014 - Open"]
[Site "Tromsø"]
[Date "08.08.2014"]
[Round "6.82"]
[Board "2"]
[White "Joseph, Elton"]
[Black "Montel Jr, Cyril Tomas"]
[Result "1-0"]
[WhiteElo "1779"]
[BlackElo "1848"]
[WhiteTeam "Bahamas"]
[BlackTeam "Palau"]
[WhiteFideId "10400036"]
[BlackFideId "16600037"]
[EventDate "2014.08.02"]

1. d4 d5 2. c4 e5 3. dxe5 d4 4. Nf3 Nc6 5. a3 f6 6. exf6 Qxf6 7. Bg5 Qg6 8. e3
Bg4 9. Bd3 Qf7 10. Nbd2 h6 11. Bf4 O-O-O 12. Qc2 g5 13. Ne5 Nxe5 14. Bxe5 dxe3
15. fxe3 Bg7 16. Bxg7 Qxg7 17. Bf5+ Bxf5 18. Qxf5+ Kb8 19. O-O-O Ne7 20. Qe4 Nc6
21. Nb3 Rde8 22. Qd3 Qe5 23. Nd4 Nd8 24. Nf5 Ne6 25. Qd5 Qf6 26. Rhf1 Rd8 27.
Nd6 Qxf1 28. Qxb7# 1-0

[Event "Olimpiade 2014 - Open"]
[Site "Tromsø"]
[Date "08.08.2014"]
[Round "6.82"]
[Board "3"]
[White "Garcia, Bernardo"]
[Black "Knowles, Kendrick"]
[Result "1-0"]
[WhiteTitle "CM"]
[WhiteElo "1769"]
[BlackElo "1688"]
[WhiteTeam "Palau"]
[BlackTeam "Bahamas"]
[WhiteFideId "16600096"]
[BlackFideId "10400451"]
[EventDate "2014.08.02"]

1. c4 Nf6 2. Nf3 g6 3. g3 Bg7 4. Bg2 d6 5. d3 O-O 6. O-O a5 7. Bg5 Na6 8. Na3 c6
9. Nc2 Qb6 10. Rb1 e5 11. Qc1 Re8 12. Bh6 Bh8 13. h3 Nh5 14. Kh2 Qc7 15. e4 Nc5
16. Qd2 Ng7 17. b3 f5 18. Rbe1 Bd7 19. Nh4 fxe4 20. dxe4 Rad8 21. Bg5 Rc8 22.
Rd1 Re6 23. Ne3 Nh5 24. Ng4 Bg7 25. Nh6+ Bxh6 26. Bxh6 Nf6 27. Rfe1 Ne8 28. Nf3
Rf6 29. Bg5 Rf7 30. Kh1 Rb8 31. Bh6 Bxh3 32. Ng5 Bxg2+ 33. Kxg2 Rf6 34. Re3 b5
35. Qe2 Qd7 36. Rf3 Ne6 37. Nxe6 Qxe6 38. cxb5 Rxb5 39. Rc3 Rb6 40. Be3 Rb4 41.
Bg5 Rf7 42. Rxc6 Qd7 43. Rc5 Qb7 44. Rcd5 Nc7 45. a3 Rxb3 46. Rxd6 Rbf3 47. Rd8+
Kg7 48. R8d7 Qb3 49. Be3 Rf6 50. R1d3 Qb5 51. Qd2 Qa4 52. Bh6+ Kg8 53. Rd8+ Ne8
54. f3 Re6 55. Ra8 Rc7 56. Rxa5 Qc6 57. Kh3 Nd6 58. Rad5 Nf7 59. Be3 Rf6 60. Rc5
Qe6+ 61. Kg2 Rb7 62. Qc2 g5 63. Rc8+ Kg7 64. g4 h5 65. Qc4 1-0

[Event "Olimpiade 2014 - Open"]
[Site "Tromsø"]
[Date "08.08.2014"]
[Round "6.82"]
[Board "4"]
[White "Whyms, Chappell"]
[Black "Balbalosa, Jeffrey"]
[Result "1/2-1/2"]
[WhiteElo "1622"]
[BlackElo "1723"]
[WhiteTeam "Bahamas"]
[BlackTeam "Palau"]
[WhiteFideId "10400125"]
[BlackFideId "16600240"]
[EventDate "2014.08.02"]

1. d4 c6 2. c4 d5 3. Nf3 Nf6 4. Nc3 Bg4 5. Qb3 b6 6. Ne5 e6 7. Bg5 Be7 8. Bxf6
Bxf6 9. Nxg4 Bxd4 10. e3 Bc5 11. Ne5 O-O 12. Rd1 Qf6 13. Nf3 Nd7 14. cxd5 cxd5
15. Bb5 Ne5 16. Nxe5 Qxe5 17. Ne2 a6 18. Bd3 a5 19. O-O a4 20. Qc2 f5 21. a3
Rfc8 22. Qb1 Bd6 23. g3 h5 24. Nf4 h4 25. Ng6 Qf6 26. Nxh4 Kf7 27. Qa2 Rh8 28.
Bxf5 Rxh4 29. Bxe6+ Qxe6 30. Qxd5 Qxd5 31. Rxd5 Rh6 32. e4 Bc5 33. Kg2 Re6 34.
Re1 Kf6 35. f4 Rae8 36. Kf3 g6 37. h4 Kf7 38. Re2 Rd6 39. Red2 Red8 40. Rxd6
Rxd6 41. Rxd6 Bxd6 42. e5 Bc5 43. Ke4 Bf2 44. g4 Bxh4 45. f5 gxf5+ 46. gxf5 Be7
47. Kd5 Bc5 48. Kc4 Ke7 49. Kb5 Bd4 50. e6 Bxb2 51. Kxa4 Kf6 52. Kb4 Bd4 53. a4
Bc5+ 54. Kb5 Kxf5 55. a5 bxa5 1/2-1/2

[Event "Olimpiade 2014 - Open"]
[Site "Tromsø"]
[Date "08.08.2014"]
[Round "6.83"]
[Board "1"]
[White "Klaas, Tokelo"]
[Black "Lettsome, Maurice"]
[Result "1/2-1/2"]
[WhiteElo "1653"]
[BlackElo "1783"]
[WhiteTeam "Lesotho"]
[BlackTeam "British Virgin Isles"]
[WhiteFideId "21300020"]
[BlackFideId "2700093"]
[EventDate "2014.08.02"]

1. d4 Nf6 2. c4 d6 3. Nc3 g6 4. e4 Nbd7 5. Nf3 Bg7 6. Be2 O-O 7. O-O e5 8. d5
Nc5 9. Qc2 a5 10. h3 Bd7 11. Be3 Na6 12. a3 c5 13. Nb5 Bxb5 14. cxb5 Nc7 15. a4
b6 16. Nd2 Qe7 17. Nc4 Rab8 18. Rad1 Rfd8 19. Bf3 h6 20. Qc3 Nh7 21. Be2 Qh4 22.
f3 Ne8 23. Bf2 Qe7 24. Qe3 Qg5 25. Qxg5 Nxg5 26. h4 Nh7 27. g3 Nhf6 28. Rfe1 Kh7
29. Bf1 Nh5 30. Bh3 Bf8 31. Be3 Nxg3 32. Kh2 Nh5 33. Rg1 Be7 34. Rg4 f5 35. exf5
gxf5 36. Rg2 Neg7 37. Bf2 Nf4 38. Rgg1 Nxh3 39. Kxh3 Nh5 40. Be3 f4 41. Bf2 Rf8
42. Rg2 Rf6 43. Rdg1 Rff8 44. Nd2 Rb7 45. Ne4 Rd7 46. Rg4 Bd8 1/2-1/2

[Event "Olimpiade 2014 - Open"]
[Site "Tromsø"]
[Date "08.08.2014"]
[Round "6.83"]
[Board "2"]
[White "Christopher, Art"]
[Black "Mohatlane, Liteboho"]
[Result "0-1"]
[WhiteElo "1668"]
[BlackElo "1577"]
[WhiteTeam "British Virgin Isles"]
[BlackTeam "Lesotho"]
[WhiteFideId "2700085"]
[BlackFideId "14317265"]
[EventDate "2014.08.02"]

1. e4 e5 2. Nf3 Nc6 3. Bb5 a6 4. Ba4 Nf6 5. O-O b5 6. Bb3 Be7 7. Re1 d6 8. c3
O-O 9. d4 Bg4 10. d5 Na5 11. h3 Nxb3 12. axb3 Bh5 13. Qd3 Qd7 14. Bg5 c6 15.
Bxf6 Bxf6 16. Nbd2 Bd8 17. b4 Bg6 18. b3 Bb6 19. c4 c5 20. Qc3 cxb4 21. Qxb4 Bc5
22. Qc3 b4 23. Qc2 Qa7 24. Nf1 f5 25. Ne3 fxe4 26. Ng5 Bf5 27. Ra2 h6 28. Nxf5
Rxf5 29. Nxe4 Raf8 30. Nxc5 Qxc5 31. Rf1 a5 32. Kh1 h5 33. f3 g5 34. Rfa1 Qd4
35. Rxa5 e4 36. Qxe4 Qxe4 37. fxe4 Re5 38. Re1 g4 39. Rb5 g3 40. Kg1 Ree8 41. h4
Ra8 42. Rxb4 Ra2 43. Rf1 Re8 44. Rf3 Ra1+ 45. Rf1 Ra2 46. Re1 Rf8 47. Ra4 Rb2
48. Rf1 Re8 49. Raa1 Rxe4 50. Rf3 Rg4 51. Kf1 Rxh4 52. Rxg3+ Kf7 53. Rh3 Rxh3
54. gxh3 Rxb3 55. Kg2 Rc3 56. Ra7+ Kf6 57. Rh7 Rc2+ 58. Kg3 Rc3+ 59. Kh4 Rxc4+
60. Kxh5 Rd4 61. Rh6+ Ke5 62. Kg6 Kxd5 63. Kf5 Rd1 64. Kf4 Kc4 65. h4 d5 66.
Rc6+ Kd3 67. h5 Rf1+ 68. Ke5 d4 69. h6 Re1+ 70. Kd5 Rh1 71. Re6 Rh5+ 72. Kd6 Kc2
73. Ke7 d3 74. Rc6+ Kd1 75. Kf7 d2 76. Kg6 Rh2 77. h7 Rg2+ 78. Kf5 Rf2+ 79. Ke4
Rh2 80. Rc7 Ke1 81. Rg7 Rh1 82. Rg1+ Rxg1 83. h8=Q d1=Q 84. Qh4+ Kd2 85. Qd8+
Kc2 86. Qc7+ Kb1 87. Qb6+ Ka2 88. Qa5+ Kb3 89. Qb5+ Ka3 90. Qc5+ Ka4 91. Qc4+
Ka5 92. Qc5+ Ka4 93. Qc4+ Ka3 94. Qc5+ Kb2 95. Qe5+ Kc1 96. Qa1+ Kd2 97. Qd4+
Ke2 98. Qe3+ Kf1 99. Qf4+ Kg2 100. Qg5+ Kh3 101. Qh6+ Kg3 102. Qf4+ Kh3 103.
Qh6+ Kg4 104. Qf4+ Kh5 105. Qh2+ Kg6 0-1

[Event "Olimpiade 2014 - Open"]
[Site "Tromsø"]
[Date "08.08.2014"]
[Round "6.85"]
[Board "1"]
[White "Obodchuk, Andrei"]
[Black "Batchuluun, Tsegmed"]
[Result "0-1"]
[WhiteTitle "IM"]
[BlackTitle "GM"]
[WhiteElo "2372"]
[BlackElo "2513"]
[WhiteTeam "IPCA"]
[BlackTeam "Mongolia"]
[WhiteFideId "4114310"]
[BlackFideId "4900847"]
[EventDate "2014.08.02"]

1. e4 e6 2. d4 d5 3. Nd2 c5 4. exd5 Qxd5 5. dxc5 Bxc5 6. Ngf3 Nf6 7. Bc4 Qc6 8.
O-O O-O 9. Qe2 Nbd7 10. Bd3 b6 11. Ne4 Bb7 12. Nxf6+ Nxf6 13. Bg5 h6 14. Bxf6
gxf6 15. Rfe1 Rad8 16. a3 f5 17. Ba6 Ba8 18. Rad1 Be7 19. Bb5 Qe4 20. Qxe4 Bxe4
21. Ba4 b5 22. Bb3 a5 23. a4 bxa4 24. Bxa4 Rxd1 25. Rxd1 Rb8 26. Bb3 Bf6 27. Ra1
Rc8 28. Nd2 Bxb2 29. Ra2 Bc3 30. Nxe4 fxe4 31. Ra4 Rd8 32. g3 Bb4 33. c3 Bxc3
34. Rxe4 Rd2 35. Rf4 Bd4 36. Kg2 Kg7 37. h4 Bc5 38. Rf3 Rb2 39. Ba4 f5 40. Rf4
Be3 41. Rf3 Bc5 42. Rf4 Kf6 43. Bd7 Rd2 44. Bc8 Bd4 45. Kf1 Ke5 46. Ke1 Ra2 47.
Kf1 a4 48. Bxe6 Rxf2+ 49. Rxf2 Bxf2 50. Bf7 Bxg3 51. h5 Kd4 0-1

[Event "Olimpiade 2014 - Open"]
[Site "Tromsø"]
[Date "08.08.2014"]
[Round "6.85"]
[Board "2"]
[White "Khatanbaatar, Bazar"]
[Black "Yarmonov, Igor"]
[Result "1/2-1/2"]
[WhiteTitle "GM"]
[BlackTitle "IM"]
[WhiteElo "2390"]
[BlackElo "2329"]
[WhiteTeam "Mongolia"]
[BlackTeam "IPCA"]
[WhiteFideId "4900332"]
[BlackFideId "14114496"]
[EventDate "2014.08.02"]

1. e4 e5 2. Nf3 Nc6 3. Nc3 Nf6 4. Bb5 d6 5. d4 exd4 6. Nxd4 Bd7 7. Bxc6 bxc6 8.
Qf3 Rb8 9. O-O Be7 10. e5 dxe5 11. Nxc6 Bxc6 12. Qxc6+ Qd7 13. Qa6 c6 14. Rd1
Qc7 15. b3 Rb6 16. Qe2 O-O 17. Bg5 Rb7 18. Bh4 Re8 19. Rd3 Qc8 20. Rad1 Qg4 21.
Qxg4 Nxg4 22. Bxe7 Rbxe7 23. Rd6 Rc7 24. Rd7 Rxd7 25. Rxd7 f5 26. Rxa7 Rd8 27.
h3 Nf6 28. a4 Rd2 29. a5 Rxc2 30. Na4 Ne4 31. Re7 Rc1+ 32. Kh2 Nxf2 33. Kg3 Ne4+
34. Kf3 Nd2+ 35. Kg3 Nxb3 36. a6 Ra1 37. a7 Rxa4 38. Re8+ Kf7 39. a8=Q Rxa8 40.
Rxa8 Nd4 41. Ra7+ Kf6 42. Rd7 Ne6 43. Rd6 c5 44. h4 h5 45. Rd5 g6 46. Kf3 g5 47.
hxg5+ Nxg5+ 48. Kg3 Ke6 49. Rd1 c4 50. Kh4 Ne4 51. Kxh5 Nf2 52. Rd8 Ng4 53. Kh4
Ne3 54. Kg3 e4 55. Kf2 f4 56. Rg8 Kf5 57. Ke2 Nxg2 58. Rf8+ Ke5 59. Re8+ Kd4 60.
Rd8+ Kc3 61. Re8 Ne3 62. Rxe4 Nd5 63. Re8 Kd4 64. Ra8 Nc3+ 65. Kf3 Nd5 66. Ke2
Nc3+ 67. Kf3 Nd5 68. Ke2 1/2-1/2

[Event "Olimpiade 2014 - Open"]
[Site "Tromsø"]
[Date "08.08.2014"]
[Round "6.85"]
[Board "4"]
[White "Gundavaa, Bayarsaikhan"]
[Black "Valenta, Vit"]
[Result "1-0"]
[WhiteTitle "GM"]
[BlackTitle "FM"]
[WhiteElo "2501"]
[BlackElo "2132"]
[WhiteTeam "Mongolia"]
[BlackTeam "IPCA"]
[WhiteFideId "4901045"]
[BlackFideId "307440"]
[EventDate "2014.08.02"]

1. e4 e5 2. Nf3 Nc6 3. Bb5 a6 4. Ba4 Nf6 5. O-O Be7 6. d3 b5 7. Bb3 O-O 8. a4
Bb7 9. Nc3 b4 10. Nd5 Nxd5 11. Bxd5 d6 12. c3 Rb8 13. a5 Na7 14. Bc4 bxc3 15.
bxc3 Bf6 16. Be3 c5 17. Qa4 Nb5 18. Rfc1 Bc6 19. Qa2 Qd7 20. h3 Rb7 21. Nh2 Rfb8
22. Rab1 Qd8 23. Rb3 Qc7 24. Ng4 Bd8 25. Ra1 Qd7 26. Rf1 Qc7 27. Ra1 Qd7 28. Bd2
Kh8 29. Ne3 Bg5 30. Nd5 Bxd2 31. Qxd2 f5 32. Nb6 Qd8 33. Bd5 Bxd5 34. Nxd5 Nc7
35. Rxb7 Rxb7 36. Nxc7 Qxc7 37. exf5 Rb3 38. Qc2 Qb8 39. Rd1 Qb5 40. d4 exd4 41.
cxd4 c4 42. d5 h6 43. Rd4 Qxa5 44. Rxc4 Rb8 45. Qe4 Qa1+ 46. Kh2 a5 47. Qe7 Qf6
48. Qe6 Ra8 49. Qxf6 gxf6 50. Ra4 Kg7 51. Kg3 Kf7 52. Kh4 Kg7 53. g4 Ra7 54. f4
Kh7 55. Kh5 Kg7 56. Kh4 Kf7 57. Kh5 Kg7 58. h4 Ra8 59. g5 Ra7 60. Kg4 Ra8 61.
Kf3 h5 62. Ke4 Ra7 63. Kd4 Kf7 64. Kc3 Rc7+ 65. Rc4 Re7 66. Rc6 Re4 67. Rxd6
fxg5 68. fxg5 Rxh4 69. g6+ Kg7 70. Rd7+ Kf6 71. Rf7+ 1-0

[Event "Olimpiade 2014 - Open"]
[Site "Tromsø"]
[Date "08.08.2014"]
[Round "6.86"]
[Board "1"]
[White "Dukaczewski, Piotr"]
[Black "Zaibi, Amir"]
[Result "1-0"]
[WhiteTitle "IM"]
[BlackTitle "FM"]
[WhiteElo "2288"]
[BlackElo "2297"]
[WhiteTeam "IBCA"]
[BlackTeam "Tunisia"]
[WhiteFideId "1103520"]
[BlackFideId "5500796"]
[EventDate "2014.08.02"]

1. e4 c5 2. Nf3 e6 3. d4 cxd4 4. Nxd4 Nc6 5. Nc3 Qc7 6. Be3 a6 7. Qd2 Nf6 8. f3
Bb4 9. O-O-O Na5 10. Nb3 b5 11. a3 Be7 12. Nxa5 Qxa5 13. Qd4 Bb7 14. g4 h6 15.
h4 Rc8 16. g5 Bc5 17. Qd2 Bxe3 18. Qxe3 hxg5 19. Qxg5 Rxc3 20. Qxg7 Rxf3 21.
Qxh8+ Ke7 22. e5 Ne4 23. Bd3 b4 24. Bxe4 bxa3 25. Bxf3 a2 26. Qf6+ Ke8 27. Qh8+
Ke7 28. Qf6+ Ke8 29. c3 a1=Q+ 30. Kc2 Q5a4+ 31. Kd3 Qb5+ 32. Ke3 Qc5+ 33. Kf4
Qa4+ 34. Rd4 Qab5 35. Rg1 Qf8 36. Rb4 Qbc5 37. Rxb7 Qc8 38. Bc6 dxc6 39. Re7+
Qxe7 40. Rg8+ 1-0

[Event "Olimpiade 2014 - Open"]
[Site "Tromsø"]
[Date "08.08.2014"]
[Round "6.86"]
[Board "2"]
[White "Amdouni, Zoubaier"]
[Black "Meshkov, Yuri A."]
[Result "1/2-1/2"]
[WhiteTitle "FM"]
[BlackTitle "IM"]
[WhiteElo "2350"]
[BlackElo "2357"]
[WhiteTeam "Tunisia"]
[BlackTeam "IBCA"]
[WhiteFideId "5500419"]
[BlackFideId "4107101"]
[EventDate "2014.08.02"]

1. e4 e6 2. d4 d5 3. Nc3 Nf6 4. Bg5 Bb4 5. e5 h6 6. Bd2 Bxc3 7. bxc3 Ne4 8. Qg4
g6 9. Qf4 c5 10. Bd3 g5 11. Qe3 Nc6 12. Bxe4 dxe4 13. Ne2 Qd5 14. h4 Rg8 15.
hxg5 hxg5 16. Rh5 Bd7 17. Ng3 cxd4 18. Qxe4 Qc4 19. Qe2 Qxe2+ 20. Kxe2 Nxe5 21.
cxd4 Bb5+ 22. Ke1 Nc6 23. c3 Bd3 24. Bxg5 Bg6 25. Rh4 Na5 26. d5 Rc8 27. dxe6
fxe6 28. Rd1 Nc4 29. Rhd4 Bc2 30. Rd8+ Kf7 31. R1d7+ Kg6 32. Rxc8 Rxc8 33. Bd2
Rb8 34. Ne2 e5 35. g4 Ba4 36. Rc7 Bc6 37. f4 exf4 38. Bxf4 Re8 39. Kf2 Nb6 40.
Be3 Nd5 41. Nf4+ Nxf4 42. Bxf4 Re4 43. Kg3 Re1 44. Kf2 Re4 1/2-1/2

[Event "Olimpiade 2014 - Open"]
[Site "Tromsø"]
[Date "08.08.2014"]
[Round "6.86"]
[Board "3"]
[White "Stachanczyk, Jacek"]
[Black "Boudriga, Med Ali"]
[Result "1-0"]
[WhiteTitle "FM"]
[BlackTitle "FM"]
[WhiteElo "2299"]
[BlackElo "2282"]
[WhiteTeam "IBCA"]
[BlackTeam "Tunisia"]
[WhiteFideId "1116657"]
[BlackFideId "5500460"]
[EventDate "2014.08.02"]

1. e4 c5 2. Nf3 d6 3. d4 cxd4 4. Nxd4 Nf6 5. Nc3 g6 6. Be3 Bg7 7. f3 O-O 8. Qd2
Nc6 9. Bc4 Bd7 10. Bb3 Rc8 11. O-O-O Ne5 12. g4 b5 13. g5 b4 14. Nce2 Nh5 15. f4
Nc4 16. Bxc4 Rxc4 17. Qd3 Qc7 18. f5 Rc8 19. Kb1 d5 20. exd5 Qe5 21. f6 exf6 22.
Nc6 R4xc6 23. dxc6 Bxc6 24. Qa6 Qc7 25. Rhe1 Be4 26. Ka1 fxg5 27. Bd4 Re8 28.
Qa4 Rb8 29. Bxg7 Kxg7 30. Nd4 Nf6 31. Rf1 Rb6 32. Qa5 g4 33. Rf2 Qb7 34. Qe5 Qb8
35. Qg5 h6 36. Qc5 Qb7 37. c4 Nd7 38. Qe7 Nf6 39. Qe5 Qb8 40. Qc5 Nh5 41. Qe7
Rf6 42. Rxf6 Nxf6 43. Ne6+ 1-0

[Event "Olimpiade 2014 - Open"]
[Site "Tromsø"]
[Date "08.08.2014"]
[Round "6.86"]
[Board "4"]
[White "Bouaziz, Mehdi"]
[Black "Mueller, Oliver"]
[Result "1-0"]
[WhiteTitle "CM"]
[BlackTitle "FM"]
[WhiteElo "2246"]
[BlackElo "2312"]
[WhiteTeam "Tunisia"]
[BlackTeam "IBCA"]
[WhiteFideId "5500311"]
[BlackFideId "4633385"]
[EventDate "2014.08.02"]

1. d4 Nf6 2. Nf3 g6 3. Bf4 Bg7 4. e3 d6 5. h3 O-O 6. Be2 c5 7. c3 Nc6 8. O-O
cxd4 9. exd4 Nd5 10. Bh2 e5 11. dxe5 dxe5 12. Nbd2 Bf5 13. Bb5 Qb6 14. Bxc6 bxc6
15. Nc4 Qb5 16. Nfxe5 f6 17. Nd6 Qxb2 18. Nxf5 gxf5 19. Nxc6 Nxc3 20. Qh5 Rfe8
21. Qxf5 Qb6 22. Na5 Rad8 23. Nc4 Qd4 24. Ne3 Nd5 25. Nxd5 Rxd5 26. Qf3 Red8 27.
Bf4 f5 28. Rac1 Qa4 29. Rc7 Qxa2 30. Bg5 Rf8 31. Qg3 Rf7 32. Rc8+ Rf8 33. Rc7 f4
34. Bxf4 Qb2 35. Bh6 Rf7 36. Rxf7 Kxf7 37. Qf3+ Ke6 38. Re1+ Be5 39. Bf4 Qb4 40.
Re4 Qd6 41. Qg4+ Kf6 42. Qg5+ Ke6 43. Qg8+ Kd7 44. Qxh7+ 1-0

[Event "Olimpiade 2014 - Open"]
[Site "Tromsø"]
[Date "09.08.2014"]
[Round "7.10"]
[Board "2"]
[White "Filippov, Anton UZB"]
[Black "Kamsky, Gata"]
[Result "1/2-1/2"]
[WhiteTitle "GM"]
[BlackTitle "GM"]
[WhiteElo "2615"]
[BlackElo "2706"]
[WhiteTeam "Uzbekistan"]
[BlackTeam "United States of America"]
[WhiteFideId "14200988"]
[BlackFideId "2000024"]
[EventDate "2014.08.02"]

1. d4 Nf6 2. c4 e6 3. Nc3 Bb4 4. e3 O-O 5. Ne2 d5 6. a3 Bd6 7. c5 Be7 8. b4 c6
9. Bb2 Nbd7 10. Nc1 Qc7 11. f4 b6 12. Bd3 a5 13. Qe2 axb4 14. axb4 Rxa1 15. Bxa1
Bb7 16. Nb3 Ra8 17. O-O Qc8 18. g4 Ba6 19. Bxa6 Rxa6 20. g5 Ne8 21. Bb2 Ra8 22.
Nc1 Nc7 23. h4 Qa6 24. Qxa6 Rxa6 25. Nd3 f6 26. Rc1 b5 27. Kf2 Kf7 28. Rg1 g6
29. Kf3 Ne8 30. Ne2 Ng7 31. Ng3 Ra2 32. Kg4 Nb8 33. Ra1 Rxa1 34. Bxa1 Nd7 35.
Bc3 Bd8 36. Ne1 Ne8 37. Nf3 Kg7 38. h5 f5+ 39. Kh3 h6 40. gxh6+ Kxh6 41. hxg6
Kxg6 42. Ne5+ Nxe5 43. dxe5 d4 44. Bxd4 Nc7 45. Bc3 Nd5 46. Bd2 Kf7 47. Ne2 Ke8
48. Nd4 Kd7 49. Nc2 Be7 50. Be1 Ke8 51. Kg2 Bf8 52. Kg3 Be7 53. Kf3 Bf8 54. e4
Ne7 55. Ne3 Bh6 56. Nc2 fxe4+ 57. Kxe4 Nf5 58. Na1 Bf8 59. Nb3 Bh6 60. Na5 Kd7
61. Nb7 Bf8 62. Nd6 Bxd6 63. cxd6 Nh6 64. Bh4 Nf5 65. Bf2 Nh6 66. Kf3 Nf5 67.
Kg4 Nh6+ 68. Kg5 Nf5 69. Kg6 Ke8 70. Kf6 Kd7 1/2-1/2

[Event "Olimpiade 2014 - Open"]
[Site "Tromsø"]
[Date "09.08.2014"]
[Round "7.31"]
[Board "1"]
[White "Sadorra, Julio Catalino"]
[Black "Winants, Luc"]
[Result "1/2-1/2"]
[WhiteTitle "GM"]
[BlackTitle "GM"]
[WhiteElo "2590"]
[BlackElo "2545"]
[WhiteTeam "Philippines"]
[BlackTeam "Belgium"]
[WhiteFideId "5201268"]
[BlackFideId "200018"]
[EventDate "2014.08.02"]

1. d4 Nf6 2. c4 e6 3. Nc3 Bb4 4. e3 O-O 5. Ne2 d5 6. a3 Be7 7. cxd5 exd5 8. Nf4
a5 9. Bd3 c6 10. O-O Na6 11. Qb3 Bd6 12. Bd2 Re8 13. f3 b6 14. Kh1 Bxf4 15. exf4
c5 16. Bb5 Bd7 17. Bxa6 Rxa6 18. Rfe1 a4 19. Qc2 Ra8 20. Re5 cxd4 21. Ne2 Qb8
22. Rxe8+ Qxe8 23. Nxd4 Qc8 24. Bc3 Qc4 25. Rd1 Re8 26. Qf2 Qc7 27. Qg3 Qd6 28.
Qh4 h6 29. Nc2 Nh7 30. Qg3 f6 31. Nb4 Be6 32. Bd4 Bf7 33. Rc1 b5 34. h3 Qd7 35.
Kh2 Rc8 36. Rd1 Qf5 37. Bc3 Nf8 38. Qg4 Qxg4 39. fxg4 Rc5 40. f5 Nd7 41. Re1 Rc4
42. Re7 d4 43. Bd2 Ne5 44. Rb7 Rc8 45. Bf4 Rd8 46. Bxe5 fxe5 47. Nc6 Bd5 48.
Ne7+ Kh7 49. Nxd5 Rxd5 50. f6 Kg6 51. f7 Rd8 52. Re7 Rf8 53. Rxe5 Rxf7 54. Kg3
Rb7 55. Kf4 b4 56. Re6+ Kh7 57. Ra6 d3 58. Ke3 bxa3 59. bxa3 Rb2 60. Rd6 Rxg2
61. Rxd3 Kg6 62. Kd4 Rb2 63. Kc4 h5 64. Rd6+ Kh7 65. gxh5 Rb3 66. Rd3 Rxd3 67.
Kxd3 Kh6 68. Kc4 Kxh5 69. Kb4 Kh4 70. Kxa4 Kxh3 71. Kb5 g5 72. a4 g4 73. a5 g3
74. a6 g2 75. a7 g1=Q 76. a8=Q Qb1+ 77. Kc5 1/2-1/2

[Event "Olimpiade 2014 - Open"]
[Site "Tromsø"]
[Date "09.08.2014"]
[Round "7.39"]
[Board "1"]
[White "De La Riva Aguado, Oscar"]
[Black "Al Qudaimi, Basheer"]
[Result "1/2-1/2"]
[WhiteTitle "GM"]
[BlackTitle "IM"]
[WhiteElo "2523"]
[BlackElo "2396"]
[WhiteTeam "Andorra"]
[BlackTeam "Yemen"]
[WhiteFideId "6900224"]
[BlackFideId "9400346"]
[EventDate "2014.08.02"]

1. e4 e5 2. Nc3 Nf6 3. g3 d6 4. Bg2 g6 5. Nge2 Bg7 6. h3 O-O 7. O-O Re8 8. d3
Nbd7 9. Be3 c6 10. Qd2 b5 11. a3 Nb6 12. f4 exf4 13. Nxf4 d5 14. exd5 Nfxd5 15.
Nfxd5 Nxd5 16. Nxd5 cxd5 17. Qf2 Be6 18. Bd4 Bxd4 19. Qxd4 Qc7 20. Qf2 Rac8 21.
c3 Rcd8 22. Rae1 a5 23. g4 b4 24. cxb4 axb4 25. Rc1 Qd7 26. axb4 Rb8 27. Qf4 Qb7
28. Rc4 Qa7+ 29. Rc5 Rb5 30. Rc1 Qb6 31. Qf2 1/2-1/2

[Event "Olimpiade 2014 - Open"]
[Site "Tromsø"]
[Date "09.08.2014"]
[Round "7.46"]
[Board "1"]
[White "Hasford, John Kojo"]
[Black "Nanjo, Ryosuke"]
[Result "0-1"]
[BlackTitle "CM"]
[WhiteElo "2055"]
[BlackElo "2344"]
[WhiteTeam "Ghana"]
[BlackTeam "Japan"]
[WhiteFideId "12600083"]
[BlackFideId "7000634"]
[EventDate "2014.08.02"]

1. d4 e6 2. g3 f5 3. Bg2 Nf6 4. c4 Be7 5. Nc3 O-O 6. Nh3 d6 7. Qb3 Nc6 8. d5 Na5
9. Qa4 b6 10. dxe6 Bxe6 11. Nd5 c6 12. Nhf4 Bf7 13. Ne3 Qc8 14. Qc2 g6 15. b4
Nb7 16. Qa4 g5 17. Nh3 Ne4 18. Bb2 d5 19. cxd5 cxd5 20. Rc1 Qe6 21. O-O Nbd6 22.
Rfd1 Nc4 23. Nxc4 dxc4 24. Qa3 Bg6 25. f3 a5 26. fxe4 axb4 27. Qe3 c3 28. Bxc3
bxc3 29. Qxc3 fxe4 30. Qc4 Qxc4 31. Rxc4 Rxa2 32. Bxe4 Bf7 33. Rc7 Bc5+ 34. Kh1
h6 35. Rdd7 Rxe2 36. Rxf7 Rxf7 37. Bd5 Re7 38. Rc6 g4 39. Rg6+ Kh7 40. Bxf7 gxh3
41. Re6 Rxf7 42. Re1 Re7 43. Rf1 Bf2 0-1

[Event "Olimpiade 2014 - Open"]
[Site "Tromsø"]
[Date "09.08.2014"]
[Round "7.54"]
[Board "1"]
[White "Dias, Paulo"]
[Black "Alice, Mateus Felizardo Viageiro"]
[Result "1/2-1/2"]
[WhiteTitle "IM"]
[BlackTitle "FM"]
[WhiteElo "2416"]
[BlackElo "2121"]
[WhiteTeam "Portugal"]
[BlackTeam "Mozambique"]
[WhiteFideId "1900803"]
[BlackFideId "14800047"]
[EventDate "2014.08.02"]

1. d4 Nf6 2. c4 e6 3. Nc3 Bb4 4. e3 b6 5. Ne2 c5 6. a3 Ba5 7. Nf4 Bb7 8. Be2 O-O
9. O-O Bxc3 10. bxc3 d6 11. d5 e5 12. Nh3 Bc8 13. f4 Bxh3 14. gxh3 exf4 15. exf4
Nbd7 16. Bd3 Re8 17. Re1 Rxe1+ 18. Qxe1 Qf8 19. Ra2 Re8 20. Re2 Rxe2 21. Qxe2
Qe8 22. Kf2 Qxe2+ 23. Kxe2 Kf8 24. Bd2 Ke7 25. Kf3 h6 26. Be1 Ne8 27. Bh4+ Ndf6
28. Bc2 Kd8 29. Ba4 Kc7 30. Bc6 a6 31. Ke3 Kc8 32. a4 a5 33. f5 Kd8 34. Kf4 Ke7
35. Bxe8 Kxe8 36. Bxf6 gxf6 37. Kg4 Kf8 38. Kh5 Kg7 39. Kg4 Kh7 40. Kh5 Kg7 1/2-1/2

[Event "Olimpiade 2014 - Open"]
[Site "Tromsø"]
[Date "09.08.2014"]
[Round "7.65"]
[Board "1"]
[White "Ho Hou-Meng, Herman"]
[Black "Chipanga, Chiletso"]
[Result "0-1"]
[BlackTitle "CM"]
[WhiteElo "1910"]
[BlackElo "2060"]
[WhiteTeam "Macau"]
[BlackTeam "Malawi"]
[WhiteFideId "16300190"]
[BlackFideId "16400119"]
[EventDate "2014.08.02"]

1. Nf3 d5 2. b3 c5 3. e3 Nc6 4. Bb5 Bg4 5. Bb2 e6 6. O-O Ne7 7. h3 Bh5 8. g4 Bg6
9. Ne5 f6 10. Bxc6+ Nxc6 11. Nxc6 bxc6 12. f4 h5 13. d3 hxg4 14. hxg4 Be7 15.
Kg2 f5 16. Rh1 Kf7 17. Nd2 Rxh1 18. Qxh1 fxg4 19. Kg3 Qa5 20. Qh2 Bf6 21. Bxf6
gxf6 22. Kxg4 Qc3 23. Rg1 Rh8 24. Qf2 Qxc2 25. Ne4 Bf5+ 26. Kg3 Rh3+ 27. Kg2
Bxe4+ 28. dxe4 Rh2+ 0-1